| 000 | 00877nam a2200265 i 4500 | ||
|---|---|---|---|
| 001 | 000031169 | ||
| 003 | DO-SdBNP | ||
| 005 | 20251009082521.0 | ||
| 007 | ta | ||
| 008 | 110614s2005 dr ac 000 0 spa d | ||
| 040 |
_aDO-SdBNP _bspa _cBNPHU _erda |
||
| 041 | _aspa | ||
| 082 | 4 |
_axxx _bR426m _222 |
|
| 110 | 2 |
_aRepública Dominicana _bSecretaría de Estado de Resoluciones Exteriores _957646 |
|
| 245 | 1 | 0 |
_aMemoria gráfica 2004-2005 / _ccolaboradores, Joel Lantigua, Emilio Conde. |
| 264 | 1 |
_aSanto Domingo : _bEditorial Amigo del Hogar, _c2005. |
|
| 300 |
_a77 páginas ; _c28 cm. |
||
| 336 |
_atexto _btxt _2rdacontent |
||
| 337 |
_asinmediación _bn _2rdamedia |
||
| 338 |
_avolumen _bnc _2rdacarrier |
||
| 590 | _aInventariado, 2025/ | ||
| 700 | 1 |
_aLantigua, Joel, _ecolaborador _4col. _957647 |
|
| 700 | 1 |
_aConde, Emilio, _ecolaborador _4col. _957648 |
|
| 942 |
_2ddc _cLBS1 |
||
| 999 |
_c30661 _d30661 |
||